00435 2200169 4500245003900000020002200039250001100061100001700072700001700089650002100106005001900127260007300146041001400219084001000233300001300243336000900256 aKhatam Alqurancnovia erwidahText a978-602-6477-38-5 acet. 1 anovia erwida aarya perkasa aCerita Bergambar a20240926105948 aJakartabKementrian Pendidikan, Keudayaan, Rset, dan Teknologic2019 aIndonesia a741.5 a47,hlm : atext